| 000 | 00725 a2200193 4500 | ||
|---|---|---|---|
| 005 | 20240704112142.0 | ||
| 010 | _aB-759553-565 Children Purchase | ||
| 020 |
_a9788119091003 _c300.00 |
||
| 035 | _aB-759553-565 | ||
| 037 | _bParth Booksellers | ||
| 082 | _aS | ||
| 100 |
_aDoyle's, Conan _968094 |
||
| 245 |
_aSherlock Holmes / _cConan Doyle's |
||
| 260 |
_aNew Delhi _bDreamland Publication _c2023 |
||
| 270 |
_aJ-128, Kirti nagar, _bNew Delhi _e110015 |
||
| 300 |
_a256 p. _c21 cm(Hb) |
||
| 942 |
_adpl _cCH _2ddc _hS _mDOY |
||
| 999 |
_c203590 _d203590 |
||